000 00216 a2200097 4500
001 37469
100 _aEliot T S
245 _aMurder in the cathedral
260 _aDelhi
_bSurjeet Publish
_c
090 _c23934
_d23934
942 _aNUST-CAE
_cM
_c15485
999 _c272542
_d272542